[Event "Greek Championship 2018"]
[Site "Thessaloniki"]
[Date "2018.12.12"]
[Round "1.2"]
[White "Mastrovasilis, Athanasios"]
[Black "Nikolaidis, Ioannis"]
[Result "1/2-1/2"]
[BlackElo "2564"]
[WhiteElo "2510"]
[LiveChessVersion "1.4.8"]

1. d4 {[%clk 1:30:53]} Nf6 {[%clk 1:30:37]} 2. c4 {[%clk 1:31:02]} e6
{[%clk 1:30:56]} 3. Nc3 {[%clk 1:31:13]} Bb4 {[%clk 1:30:25]} 4. e3
{[%clk 1:30:52]} O-O {[%clk 1:29:36]} 5. Bd3 {[%clk 1:27:43]} c5 {[%clk 1:28:45]}
6. Nge2 {[%clk 1:27:33]} cxd4 {[%clk 1:22:14]} 7. exd4 {[%clk 1:27:47]} d5
{[%clk 1:21:07]} 8. cxd5 {[%clk 1:20:56]} Qxd5 {[%clk 1:20:37]} 9. O-O
{[%clk 1:19:19]} Qh5 {[%clk 1:20:42]} 10. Bf4 {[%clk 1:02:32]} Nc6
{[%clk 1:15:29]} 11. Qb3 {[%clk 0:45:26]} Bxc3 {[%clk 1:06:36]} 12. Qxc3
{[%clk 0:38:57]} Nd5 {[%clk 1:00:47]} 13. Qd2 {[%clk 0:38:33]} Nxf4
{[%clk 0:56:59]} 14. Qxf4 {[%clk 0:36:52]} e5 {[%clk 0:44:38]} 15. dxe5
{[%clk 0:35:40]} Qxe5 {[%clk 0:35:21]} 16. Qe4 {[%clk 0:34:02]} g6
{[%clk 0:31:50]} 17. Nc3 {[%clk 0:32:31]} Be6 {[%clk 0:28:47]} 18. Rfe1
{[%clk 0:26:23]} Rfd8 {[%clk 0:17:56]} 19. Rad1 {[%clk 0:16:21]} Qxe4
{[%clk 0:16:47]} 20. Bxe4 {[%clk 0:16:43]} Rxd1 {[%clk 0:15:20]} 21. Rxd1
{[%clk 0:17:07]} Rc8 {[%clk 0:15:40]} 22. f3 {[%clk 0:14:46]} Kf8
{[%clk 0:11:34]} 23. Bd5 {[%clk 0:11:05]} Bxd5 {[%clk 0:10:36]} 24. Rxd5
{[%clk 0:11:16]} Ke7 {[%clk 0:09:43]} 25. Kf2 {[%clk 0:10:45]} b6
{[%clk 0:08:45]} 26. Rd2 {[%clk 0:10:04]} Na5 {[%clk 0:06:03]} 27. Re2+
{[%clk 0:08:10]} Kf8 {[%clk 0:06:14]} 28. g4 {[%clk 0:06:29]} h6 {[%clk 0:06:35]}
29. h4 {[%clk 0:06:26]} Nc4 {[%clk 0:05:59]} 30. Nd5 {[%clk 0:05:36]} Rc5
{[%clk 0:04:31]} 31. Nf6 {[%clk 0:05:24]} Kg7 {[%clk 0:04:16]} 32. Ne8+
{[%clk 0:04:45]} Kf8 {[%clk 0:04:41]} 33. Nf6 {[%clk 0:05:10]} Kg7
{[%clk 0:05:06]} 34. Ne8+ {[%clk 0:03:06]} Kf8 {[%clk 0:05:30]} 35. b3
{[%clk 0:01:16]} Ne5 {[%clk 0:02:32]} 36. Nf6 {[%clk 0:01:39]} Kg7
{[%clk 0:02:53]} 37. Ne8+ {[%clk 0:02:02]} Kf8 {[%clk 0:03:17]} 38. Nf6
{[%clk 0:02:28]} Kg7 {[%clk 0:03:40]} 39. g5 {[%clk 0:01:23]} hxg5
{[%clk 0:03:24]} 40. hxg5 {[%clk 0:31:49]} Nd3+ {[%clk 0:32:32]} 41. Ke3
{[%clk 0:28:51]} Nc1 {[%clk 0:30:25]} 42. Rg2 {[%clk 0:08:47]} Ra5
{[%clk 0:28:51]} 43. Rc2 {[%clk 0:06:53]} Nxa2 {[%clk 0:18:45]} 44. f4
{[%clk 0:07:16]} Nb4 {[%clk 0:19:01]} 45. Rd2 {[%clk 0:05:49]} Nc6
{[%clk 0:16:04]} 46. Rc2 {[%clk 0:04:37]} Ne7 {[%clk 0:15:43]} 47. Ke4
{[%clk 0:04:46]} Rb5 {[%clk 0:14:58]} 48. Rc7 {[%clk 0:04:29]} Rb4+
{[%clk 0:09:36]} 49. Ke5 {[%clk 0:04:52]} Rb5+ {[%clk 0:09:29]} 50. Ke4
{[%clk 0:04:54]} Rb4+ {[%clk 0:07:12]} 51. Ke5 {[%clk 0:05:22]} Rb5+
{[%clk 0:07:36]} 1/2-1/2

[Event "Greek Championship 2018"]
[Site "Thessaloniki"]
[Date "2018.12.12"]
[Round "1.3"]
[White "Grivas, Efstratios"]
[Black "Ioannidis, Evgenios"]
[Result "1/2-1/2"]
[BlackElo "2382"]
[WhiteElo "2424"]
[LiveChessVersion "1.4.8"]

1. Nf3 {[%clk 1:30:49]} d5 {[%clk 1:29:56]} 2. e3 {[%clk 1:30:43]} Nf6
{[%clk 1:26:24]} 3. c4 {[%clk 1:30:52]} e6 {[%clk 1:26:21]} 4. Nc3
{[%clk 1:30:01]} Be7 {[%clk 1:24:06]} 5. d4 {[%clk 1:24:42]} O-O {[%clk 1:22:41]}
6. Bd3 {[%clk 1:24:16]} dxc4 {[%clk 1:17:21]} 7. Bxc4 {[%clk 1:24:02]} a6
{[%clk 1:16:48]} 8. O-O {[%clk 1:17:46]} b5 {[%clk 1:15:02]} 9. Bd3
{[%clk 1:16:42]} Bb7 {[%clk 1:12:55]} 10. Qe2 {[%clk 1:15:33]} Nbd7
{[%clk 1:06:56]} 11. Rd1 {[%clk 1:01:29]} c5 {[%clk 1:05:37]} 12. dxc5
{[%clk 0:58:50]} Bxc5 {[%clk 1:05:35]} 13. Ng5 {[%clk 0:51:08]} Qc7
{[%clk 0:46:07]} 14. Nce4 {[%clk 0:35:20]} Be7 {[%clk 0:44:15]} 15. Bd2
{[%clk 0:34:41]} h6 {[%clk 0:44:11]} 16. Rac1 {[%clk 0:33:15]} Qb6
{[%clk 0:44:23]} 17. Nxf6+ {[%clk 0:33:17]} Nxf6 {[%clk 0:42:17]} 18. Nf3
{[%clk 0:33:31]} Ne4 {[%clk 0:40:00]} 19. Bxe4 {[%clk 0:23:06]} Bxe4
{[%clk 0:40:24]} 20. Ne5 {[%clk 0:23:29]} Rad8 {[%clk 0:36:22]} 21. Bc3
{[%clk 0:22:56]} Rxd1+ {[%clk 0:30:58]} 22. Qxd1 {[%clk 0:20:44]} Qb7
{[%clk 0:26:58]} 23. Qg4 {[%clk 0:19:14]} Bf5 {[%clk 0:21:57]} 24. Qg3
{[%clk 0:19:02]} b4 {[%clk 0:11:23]} 25. Bd4 {[%clk 0:18:24]} f6 {[%clk 0:10:11]}
26. Nc6 {[%clk 0:12:01]} e5 {[%clk 0:10:29]} 27. Qf3 {[%clk 0:07:14]} Rc8
{[%clk 0:10:16]} 28. Nxe7+ {[%clk 0:04:45]} Qxe7 {[%clk 0:10:42]} 29. Qd5+
{[%clk 0:04:41]} Kh8 {[%clk 0:04:57]} 30. Rxc8+ {[%clk 0:04:54]} Bxc8
{[%clk 0:05:23]} 31. Bc5 {[%clk 0:05:17]} Qe6 {[%clk 0:05:43]} 32. e4
{[%clk 0:04:09]} Qxd5 {[%clk 0:04:26]} 33. exd5 {[%clk 0:04:32]} b3
{[%clk 0:04:51]} 34. axb3 {[%clk 0:04:25]} Kg8 {[%clk 0:04:57]} 35. Kf1
{[%clk 0:04:40]} Kf7 {[%clk 0:05:24]} 36. Ke2 {[%clk 0:04:36]} Bb7
{[%clk 0:05:43]} 37. d6 {[%clk 0:05:05]} Ke6 {[%clk 0:06:08]} 38. g3
{[%clk 0:05:26]} h5 {[%clk 0:06:24]} 39. h4 {[%clk 0:05:40]} Bc6 {[%clk 0:06:23]}
40. Kd3 {[%clk 0:35:22]} Bd5 {[%clk 0:36:13]} 41. Kc3 {[%clk 0:35:25]} Kd7
{[%clk 0:36:35]} 42. b4 {[%clk 0:34:07]} Bc6 {[%clk 0:35:06]} 43. Kd3 1/2-1/2

[Event "Greek Championship 2018"]
[Site "Thessaloniki"]
[Date "2018.12.12"]
[Round "1.4"]
[White "Makka, Evanthia"]
[Black "Koutoukidis, Panagiotis"]
[Result "0-1"]
[BlackElo "2357"]
[WhiteElo "2084"]
[LiveChessVersion "1.4.8"]

1. d4 {[%clk 1:30:32]} Nf6 {[%clk 1:30:52]} 2. Nf3 {[%clk 1:30:55]} d5
{[%clk 1:30:59]} 3. c4 {[%clk 1:29:54]} e6 {[%clk 1:31:20]} 4. e3
{[%clk 1:29:45]} Be7 {[%clk 1:31:43]} 5. Nbd2 {[%clk 1:24:26]} O-O
{[%clk 1:30:43]} 6. b3 {[%clk 1:22:34]} b6 {[%clk 1:28:49]} 7. Bb2
{[%clk 1:20:02]} Bb7 {[%clk 1:28:44]} 8. Be2 {[%clk 1:16:47]} Nbd7
{[%clk 1:28:54]} 9. O-O {[%clk 1:15:34]} c5 {[%clk 1:22:11]} 10. Rc1
{[%clk 1:10:32]} Rc8 {[%clk 1:17:14]} 11. cxd5 {[%clk 0:56:39]} Nxd5
{[%clk 1:16:58]} 12. Nc4 {[%clk 0:51:02]} b5 {[%clk 1:12:16]} 13. Nce5
{[%clk 0:47:33]} Nxe5 {[%clk 1:12:37]} 14. Nxe5 {[%clk 0:45:20]} a6
{[%clk 1:12:18]} 15. Bd3 {[%clk 0:38:10]} Nf6 {[%clk 1:07:14]} 16. Qe2
{[%clk 0:34:46]} Qd5 {[%clk 1:00:23]} 17. f3 {[%clk 0:32:32]} cxd4
{[%clk 0:59:44]} 18. Bxd4 {[%clk 0:31:10]} Bd6 {[%clk 0:54:38]} 19. f4
{[%clk 0:27:12]} Ba8 {[%clk 0:45:19]} 20. Ng4 {[%clk 0:17:41]} Nxg4
{[%clk 0:44:20]} 21. Qxg4 {[%clk 0:18:02]} g6 {[%clk 0:44:09]} 22. Rcd1
{[%clk 0:15:07]} Bc5 {[%clk 0:38:56]} 23. Be2 {[%clk 0:09:14]} Bxd4
{[%clk 0:32:18]} 24. Rxd4 {[%clk 0:07:48]} Qc5 {[%clk 0:32:43]} 25. Rfd1
{[%clk 0:05:45]} Qc3 {[%clk 0:32:25]} 26. Kf2 {[%clk 0:04:23]} Qb2
{[%clk 0:31:58]} 27. R1d2 {[%clk 0:02:48]} Rc2 {[%clk 0:32:15]} 28. Rxc2
{[%clk 0:02:57]} Qxc2 {[%clk 0:32:38]} 29. Qg5 {[%clk 0:02:20]} Bd5
{[%clk 0:31:29]} 30. f5 {[%clk 0:01:37]} f6 {[%clk 0:25:10]} 31. Qh6
{[%clk 0:01:14]} Qxf5+ {[%clk 0:25:20]} 32. Rf4 {[%clk 0:01:29]} Qe5
{[%clk 0:24:21]} 33. h4 {[%clk 0:00:42]} Qc7 {[%clk 0:19:26]} 34. Rg4
{[%clk 0:00:35]} e5 {[%clk 0:17:31]} 35. Bd3 {[%clk 0:00:32]} Qg7
{[%clk 0:17:19]} 36. Qxg7+ {[%clk 0:00:48]} Kxg7 {[%clk 0:17:44]} 37. a4
{[%clk 0:00:54]} e4 {[%clk 0:17:25]} 38. Be2 {[%clk 0:00:56]} f5 {[%clk 0:17:35]}
39. Rg3 {[%clk 0:01:12]} b4 {[%clk 0:16:38]} 40. Bd1 {[%clk 0:30:38]} Rc8
{[%clk 0:46:27]} 41. Rh3 {[%clk 0:25:24]} Rc3 {[%clk 0:46:09]} 42. h5
{[%clk 0:18:29]} Bxb3 {[%clk 0:46:08]} 43. h6+ {[%clk 0:18:51]} Kf6
{[%clk 0:46:24]} 44. Bxb3 {[%clk 0:17:48]} Rxb3 {[%clk 0:46:48]} 45. Rh1
{[%clk 0:18:12]} Ra3 {[%clk 0:47:01]} 46. Rc1 {[%clk 0:18:26]} Ke5 0-1

[Event "Greek Championship 2018"]
[Site "Thessaloniki"]
[Date "2018.12.12"]
[Round "1.5"]
[White "Gouloutis, Nikolaos"]
[Black "Kourkoulos-Arditis, Stamatis"]
[Result "1/2-1/2"]
[BlackElo "2424"]
[WhiteElo "2353"]
[LiveChessVersion "1.4.8"]

1. d4 {[%clk 1:30:57]} Nf6 {[%clk 1:30:55]} 2. Nf3 {[%clk 1:31:23]} g6
{[%clk 1:31:21]} 3. b3 {[%clk 1:31:49]} Bg7 {[%clk 1:30:55]} 4. Bb2
{[%clk 1:32:13]} c5 {[%clk 1:23:51]} 5. dxc5 {[%clk 1:31:23]} Qa5+
{[%clk 1:22:50]} 6. Nbd2 {[%clk 1:31:37]} Qxc5 {[%clk 1:23:09]} 7. e3
{[%clk 1:31:56]} O-O {[%clk 1:22:18]} 8. c4 {[%clk 1:30:04]} b6 {[%clk 1:20:11]}
9. Be2 {[%clk 1:30:19]} Bb7 {[%clk 1:20:37]} 10. O-O {[%clk 1:30:38]} Qc7
{[%clk 1:18:36]} 11. Rc1 {[%clk 1:28:53]} Nc6 {[%clk 1:14:20]} 12. Nb1
{[%clk 1:23:40]} Rad8 13. Nc3 {[%clk 1:23:15]} Qb8 {[%clk 1:07:02]} 14. Qd2
{[%clk 1:13:39]} d5 {[%clk 0:40:57]} 15. cxd5 {[%clk 0:52:43]} e6
{[%clk 0:41:15]} 16. Rfd1 {[%clk 0:37:52]} Nxd5 {[%clk 0:39:05]} 17. Nxd5
{[%clk 0:38:09]} Rxd5 {[%clk 0:39:27]} 18. Qc2 {[%clk 0:38:35]} Nb4
{[%clk 0:38:54]} 19. Qb1 {[%clk 0:39:00]} Bxb2 {[%clk 0:38:36]} 20. Qxb2
{[%clk 0:39:25]} Rfd8 {[%clk 0:36:19]} 21. a3 {[%clk 0:35:49]} Rxd1+
{[%clk 0:36:29]} 22. Rxd1 {[%clk 0:36:12]} Rxd1+ {[%clk 0:36:54]} 23. Bxd1
{[%clk 0:36:38]} Nd5 {[%clk 0:30:30]} 24. Ne5 {[%clk 0:21:58]} Qc7
{[%clk 0:24:08]} 25. Bf3 {[%clk 0:22:20]} Nc3 {[%clk 0:20:40]} 26. Bxb7
{[%clk 0:12:16]} Qxe5 {[%clk 0:21:03]} 27. g3 {[%clk 0:12:32]} Kf8
{[%clk 0:20:41]} 28. Ba6 {[%clk 0:06:30]} Ke7 {[%clk 0:20:32]} 29. Bc4
{[%clk 0:06:47]} Kf6 {[%clk 0:17:55]} 30. Qd2 {[%clk 0:04:45]} Ne4
{[%clk 0:17:36]} 31. Qc2 {[%clk 0:03:39]} Nd6 {[%clk 0:14:18]} 32. a4
{[%clk 0:03:11]} a5 {[%clk 0:10:46]} 33. Bd3 {[%clk 0:03:34]} Kg7
{[%clk 0:09:34]} 34. Qc6 {[%clk 0:03:27]} Qc5 {[%clk 0:05:59]} 35. Qxc5
{[%clk 0:03:52]} bxc5 {[%clk 0:06:25]} 36. Kf1 {[%clk 0:04:14]} 1/2-1/2

[Event "Greek Women Ch 2018"]
[Site "?"]
[Date "2018.12.12"]
[Round "1.1"]
[White "Markantonaki, Haritomeni"]
[Black "Skaraki, Antigoni"]
[Result "1/2-1/2"]
[BlackElo "2012"]
[WhiteElo "2152"]
[LiveChessVersion "1.4.8"]

1. e4 {[%clk 1:30:55]} c5 {[%clk 1:30:56]} 2. Nf3 {[%clk 1:31:16]} e6
{[%clk 1:31:20]} 3. d4 {[%clk 1:31:32]} cxd4 {[%clk 1:31:45]} 4. Nxd4
{[%clk 1:31:57]} Nf6 {[%clk 1:32:06]} 5. Nc3 {[%clk 1:32:02]} Nc6
{[%clk 1:32:24]} 6. Nxc6 {[%clk 1:30:37]} bxc6 {[%clk 1:32:45]} 7. e5
{[%clk 1:30:49]} Nd5 {[%clk 1:33:06]} 8. Ne4 {[%clk 1:30:51]} Qc7
{[%clk 1:33:18]} 9. f4 {[%clk 1:29:14]} Rb8 {[%clk 1:33:38]} 10. c4
{[%clk 1:27:36]} Bb4+ {[%clk 1:33:57]} 11. Ke2 {[%clk 1:27:58]} O-O
{[%clk 1:33:25]} 12. a3 {[%clk 1:12:37]} Be7 {[%clk 1:21:15]} 13. cxd5
{[%clk 1:12:06]} cxd5 {[%clk 1:21:39]} 14. Nc3 {[%clk 1:10:00]} f6
{[%clk 0:59:40]} 15. exf6 {[%clk 1:07:00]} Bxf6 {[%clk 0:59:00]} 16. Qd3
{[%clk 1:00:46]} Qa5 {[%clk 0:33:45]} 17. Kf2 {[%clk 0:49:41]} Qc5+
{[%clk 0:28:42]} 18. Kg3 {[%clk 0:47:36]} Rb3 {[%clk 0:13:04]} 19. Qc2
{[%clk 0:43:32]} Qb6 {[%clk 0:11:56]} 20. Bd3 {[%clk 0:42:32]} h5
{[%clk 0:07:25]} 21. h4 {[%clk 0:34:35]} d6 {[%clk 0:01:45]} 22. Rf1
{[%clk 0:30:58]} Ba6 {[%clk 0:01:35]} 23. Bxa6 {[%clk 0:27:47]} Qxa6
{[%clk 0:02:04]} 24. Qxb3 {[%clk 0:27:41]} Qxf1 {[%clk 0:02:31]} 25. Qd1
{[%clk 0:26:40]} Qc4 {[%clk 0:02:34]} 26. Qe2 {[%clk 0:26:27]} Bxc3
{[%clk 0:02:36]} 27. Qxe6+ {[%clk 0:22:46]} Kh8 {[%clk 0:03:06]} 28. Be3
{[%clk 0:20:48]} Bxb2 {[%clk 0:02:00]} 29. Rd1 {[%clk 0:19:30]} Bxa3
{[%clk 0:00:44]} 30. Rxd5 {[%clk 0:19:11]} Qe2 {[%clk 0:01:06]} 31. Qe7
{[%clk 0:13:20]} Qg4+ {[%clk 0:00:50]} 32. Kh2 {[%clk 0:13:11]} Rc8
{[%clk 0:00:53]} 33. Qg5 {[%clk 0:07:19]} Qxg5 34. Rxg5 {[%clk 0:07:42]} Bc5
{[%clk 0:00:36]} 35. Bd2 {[%clk 0:08:05]} Rb8 {[%clk 0:00:39]} 36. Bc3
{[%clk 0:08:03]} Rb7 {[%clk 0:00:50]} 37. f5 {[%clk 0:06:32]} Kh7
{[%clk 0:00:36]} 38. Rxh5+ {[%clk 0:05:38]} Kg8 {[%clk 0:01:05]} 39. Rg5
{[%clk 0:05:55]} Kf8 {[%clk 0:00:49]} 40. h5 {[%clk 0:35:53]} Be3
{[%clk 0:30:47]} 41. Rg6 {[%clk 0:34:57]} d5 {[%clk 0:25:37]} 42. Be5
{[%clk 0:33:11]} d4 {[%clk 0:21:37]} 43. Rd6 {[%clk 0:32:36]} Rb5
{[%clk 0:19:26]} 44. h6 {[%clk 0:27:59]} Bxh6 {[%clk 0:15:37]} 45. Bg3
{[%clk 0:28:02]} Rxf5 {[%clk 0:15:11]} 46. Kh3 {[%clk 0:25:49]} Be3
{[%clk 0:10:27]} 47. Kg4 {[%clk 0:24:22]} Ra5 {[%clk 0:06:28]} 48. Kf3
{[%clk 0:22:58]} Ke7 {[%clk 0:06:12]} 49. Rg6 {[%clk 0:22:49]} Kf7
{[%clk 0:06:22]} 50. Rd6 {[%clk 0:23:01]} Ra3 {[%clk 0:05:15]} 51. Ke4
{[%clk 0:22:09]} Ra2 {[%clk 0:05:18]} 52. Kf3 {[%clk 0:20:04]} Ke7
{[%clk 0:05:13]} 53. Rd5 {[%clk 0:18:58]} a5 {[%clk 0:05:05]} 54. Be5
{[%clk 0:17:16]} Ke6 {[%clk 0:00:57]} 55. Rb5 {[%clk 0:16:30]} g6
{[%clk 0:01:00]} 56. g4 {[%clk 0:16:12]} a4 {[%clk 0:01:08]} 57. Ke4
{[%clk 0:15:45]} g5 {[%clk 0:01:10]} 58. Bxd4 {[%clk 0:14:28]} 1/2-1/2

[Event "Greek Women Ch 2018"]
[Site "?"]
[Date "2018.12.12"]
[Round "1.2"]
[White "Pavlidou, Ekaterini"]
[Black "Makka, Ioulia"]
[Result "1-0"]
[BlackElo "2065"]
[WhiteElo "2185"]
[LiveChessVersion "1.4.8"]

1. d4 {[%clk 1:30:52]} Nf6 {[%clk 1:30:54]} 2. c4 {[%clk 1:31:09]} e6
{[%clk 1:31:16]} 3. Nf3 {[%clk 1:31:24]} b6 {[%clk 1:31:25]} 4. a3
{[%clk 1:31:39]} Ba6 {[%clk 1:31:24]} 5. Qc2 {[%clk 1:31:57]} Bb7
{[%clk 1:28:16]} 6. Nc3 {[%clk 1:32:13]} c5 {[%clk 1:27:29]} 7. e4
{[%clk 1:32:09]} cxd4 {[%clk 1:27:12]} 8. Nxd4 {[%clk 1:32:25]} Nc6
{[%clk 1:26:32]} 9. Nxc6 {[%clk 1:32:40]} Bxc6 {[%clk 1:26:46]} 10. Bf4
{[%clk 1:31:12]} Bc5 {[%clk 1:25:50]} 11. O-O-O {[%clk 1:26:02]} Nh5
{[%clk 1:18:38]} 12. Bd2 {[%clk 1:13:57]} Bxf2 {[%clk 0:53:04]} 13. g4
{[%clk 1:10:51]} Nf6 {[%clk 0:50:53]} 14. Be2 {[%clk 1:02:03]} Bh4
{[%clk 0:35:41]} 15. g5 {[%clk 0:56:43]} Ng8 {[%clk 0:35:10]} 16. Rhg1
{[%clk 0:54:54]} Bf2 {[%clk 0:31:44]} 17. Rg2 {[%clk 0:48:59]} Bc5
{[%clk 0:30:19]} 18. h4 {[%clk 0:39:44]} a5 {[%clk 0:27:36]} 19. h5
{[%clk 0:23:09]} Qc8 {[%clk 0:22:07]} 20. Bf4 {[%clk 0:21:00]} Ne7
{[%clk 0:19:58]} 21. Rh2 {[%clk 0:18:29]} Qb7 {[%clk 0:17:13]} 22. Kb1
{[%clk 0:16:33]} f5 {[%clk 0:12:31]} 23. gxf6 {[%clk 0:12:56]} gxf6
{[%clk 0:12:45]} 24. Nd5 {[%clk 0:08:10]} exd5 {[%clk 0:08:01]} 25. exd5
{[%clk 0:08:33]} Nxd5 {[%clk 0:07:41]} 26. cxd5 {[%clk 0:08:53]} Bxd5
{[%clk 0:07:57]} 27. Bd3 {[%clk 0:07:41]} Be7 {[%clk 0:01:44]} 28. Re1
{[%clk 0:07:22]} Be6 {[%clk 0:00:41]} 29. Be4 {[%clk 0:06:43]} Bd5
{[%clk 0:00:52]} 30. Bxd5 {[%clk 0:06:11]} Qxd5 {[%clk 0:01:15]} 31. Rhe2
{[%clk 0:06:14]} O-O {[%clk 0:00:35]} 32. Rxe7 {[%clk 0:06:36]} Rf7
{[%clk 0:00:36]} 33. Rxf7 {[%clk 0:06:53]} Qxf7 {[%clk 0:00:48]} 34. Qg2+
{[%clk 0:07:15]} 1-0

[Event "Greek Women Ch 2018"]
[Site "?"]
[Date "2018.12.12"]
[Round "1.3"]
[White "Androni, Konstantina"]
[Black "Grapsa, Georgia"]
[Result "1/2-1/2"]
[BlackElo "2097"]
[WhiteElo "1912"]
[LiveChessVersion "1.4.8"]

1. d4 {[%clk 1:30:55]} Nf6 {[%clk 1:30:53]} 2. Bg5 {[%clk 1:31:13]} d5
{[%clk 1:30:59]} 3. e3 {[%clk 1:31:21]} c5 {[%clk 1:28:22]} 4. Bxf6
{[%clk 1:28:00]} gxf6 {[%clk 1:27:14]} 5. dxc5 {[%clk 1:18:55]} e6
{[%clk 1:15:14]} 6. c4 {[%clk 1:18:11]} Qa5+ {[%clk 1:05:41]} 7. Nc3
{[%clk 1:16:03]} dxc4 {[%clk 1:04:33]} 8. Bxc4 {[%clk 1:14:27]} Nc6
{[%clk 0:59:40]} 9. Nf3 {[%clk 1:11:48]} Qxc5 {[%clk 0:48:39]} 10. Qe2
{[%clk 1:07:16]} Bd7 {[%clk 0:46:56]} 11. O-O {[%clk 1:04:37]} Be7
{[%clk 0:37:06]} 12. Rfd1 {[%clk 0:56:50]} Rd8 {[%clk 0:33:47]} 13. Ne4
{[%clk 0:51:25]} Qb6 {[%clk 0:25:24]} 14. Nd6+ {[%clk 0:36:47]} Kf8
{[%clk 0:24:32]} 15. Rd2 {[%clk 0:26:17]} Na5 {[%clk 0:20:41]} 16. Ne4
{[%clk 0:20:49]} Nxc4 {[%clk 0:18:41]} 17. Qxc4 {[%clk 0:21:13]} Bc6
{[%clk 0:17:11]} 18. Rxd8+ {[%clk 0:18:36]} Qxd8 {[%clk 0:17:09]} 19. Nc3
{[%clk 0:17:40]} Rg8 {[%clk 0:16:19]} 20. e4 {[%clk 0:16:01]} Qb6
{[%clk 0:14:07]} 21. Qe2 {[%clk 0:09:03]} Bb4 {[%clk 0:10:29]} 22. Rd1
{[%clk 0:08:40]} Bxc3 {[%clk 0:10:33]} 23. bxc3 {[%clk 0:09:09]} Ke7
{[%clk 0:10:20]} 24. Nd4 {[%clk 0:08:32]} Qc5 25. Qe3 {[%clk 0:05:51]} b6
{[%clk 0:09:29]} 26. g3 {[%clk 0:04:07]} Rc8 {[%clk 0:07:09]} 27. Nxc6+
{[%clk 0:02:52]} Rxc6 {[%clk 0:05:54]} 28. Qd3 {[%clk 0:02:57]} Rd6
{[%clk 0:03:34]} 29. Qc2 {[%clk 0:00:41]} Rxd1+ {[%clk 0:03:46]} 30. Qxd1
{[%clk 0:01:10]} Qxc3 {[%clk 0:04:02]} 31. Qa4 {[%clk 0:01:16]} a5
{[%clk 0:03:52]} 32. Kg2 {[%clk 0:00:39]} Qc5 {[%clk 0:02:49]} 33. h4
{[%clk 0:00:45]} h5 {[%clk 0:02:06]} 34. Kg1 {[%clk 0:00:52]} Qc1+
{[%clk 0:01:13]} 35. Kg2 {[%clk 0:01:16]} Qc5 {[%clk 0:01:00]} 36. Kg1
{[%clk 0:01:42]} Kd6 {[%clk 0:01:07]} 37. Qe8 {[%clk 0:01:43]} Qc7
{[%clk 0:00:32]} 38. Qh8 {[%clk 0:01:55]} Qc1+ {[%clk 0:00:56]} 39. Kg2
{[%clk 0:02:13]} Qc5 {[%clk 0:00:46]} 40. Qxf6 {[%clk 0:32:27]} Qc7 1/2-1/2

[Event "Greek Women Ch 2018"]
[Site "?"]
[Date "2018.12.12"]
[Round "1.4"]
[White "Tsivelekidou, Evgenia"]
[Black "Nikolaidou, Eleni"]
[Result "1-0"]
[BlackElo "1707"]
[WhiteElo "1861"]
[LiveChessVersion "1.4.8"]

1. d4 {[%clk 1:30:57]} Nf6 {[%clk 1:30:50]} 2. Nf3 {[%clk 1:31:20]} e6
{[%clk 1:31:07]} 3. Bg5 {[%clk 1:31:42]} h6 {[%clk 1:30:13]} 4. Bxf6
{[%clk 1:31:52]} Qxf6 {[%clk 1:30:30]} 5. e4 {[%clk 1:32:14]} c5 {[%clk 1:28:08]}
6. e5 {[%clk 1:32:03]} Qd8 {[%clk 1:28:14]} 7. d5 {[%clk 1:28:08]} exd5
{[%clk 1:27:56]} 8. Qxd5 {[%clk 1:28:16]} d6 {[%clk 1:23:29]} 9. Bb5+
{[%clk 1:16:47]} Bd7 {[%clk 0:57:02]} 10. Qxb7 {[%clk 1:13:18]} Bxb5
{[%clk 0:53:39]} 11. Qxa8 {[%clk 1:00:04]} d5 {[%clk 0:26:05]} 12. Nbd2
{[%clk 0:47:19]} Be7 {[%clk 0:23:15]} 13. c4 {[%clk 0:36:43]} dxc4
{[%clk 0:11:20]} 14. O-O {[%clk 0:29:18]} c3 {[%clk 0:11:16]} 15. bxc3
{[%clk 0:29:00]} Bxf1 {[%clk 0:11:35]} 16. Rxf1 {[%clk 0:28:10]} Qc7
{[%clk 0:07:07]} 17. Rb1 {[%clk 0:26:16]} O-O {[%clk 0:05:07]} 18. Rb7
{[%clk 0:24:44]} Qd8 {[%clk 0:04:13]} 19. Qxa7 {[%clk 0:21:26]} Nc6
{[%clk 0:02:13]} 20. Qb6 {[%clk 0:19:36]} Nxe5 {[%clk 0:01:14]} 21. Qxd8
{[%clk 0:18:10]} Nxf3+ {[%clk 0:01:34]} 22. Nxf3 {[%clk 0:17:11]} Rxd8
{[%clk 0:01:46]} 23. Rxe7 {[%clk 0:17:00]} 1-0

[Event "Greek Women Ch 2018"]
[Site "?"]
[Date "2018.12.12"]
[Round "1.5"]
[White "Petraki, Evaggelia"]
[Black "Fragkou, Eleni"]
[Result "0-1"]
[BlackElo "2031"]
[WhiteElo "1756"]
[LiveChessVersion "1.4.8"]

1. e4 {[%clk 1:30:56]} c5 {[%clk 1:30:46]} 2. Nf3 {[%clk 1:31:21]} d6
{[%clk 1:31:07]} 3. d4 {[%clk 1:31:47]} cxd4 {[%clk 1:31:29]} 4. Nxd4
{[%clk 1:32:15]} Nf6 {[%clk 1:31:49]} 5. Nc3 {[%clk 1:32:42]} a6 {[%clk 1:32:11]}
6. Be2 {[%clk 1:33:02]} e5 {[%clk 1:32:18]} 7. Nf3 {[%clk 1:33:27]} h6
{[%clk 1:32:29]} 8. a4 {[%clk 1:33:11]} Be6 {[%clk 1:31:43]} 9. O-O
{[%clk 1:31:21]} Be7 {[%clk 1:31:54]} 10. Nd2 {[%clk 1:27:44]} Qc7
{[%clk 1:27:28]} 11. Bd3 {[%clk 1:21:59]} O-O {[%clk 1:26:40]} 12. Re1
{[%clk 1:18:45]} Nc6 {[%clk 0:45:08]} 13. Nf1 {[%clk 1:02:03]} Nb4
{[%clk 0:25:05]} 14. Ne3 {[%clk 0:57:49]} Rad8 {[%clk 0:13:03]} 15. Qe2
{[%clk 0:53:55]} Rfe8 {[%clk 0:06:22]} 16. Bd2 {[%clk 0:42:08]} Qc6
{[%clk 0:03:10]} 17. Rac1 {[%clk 0:36:56]} Kh8 {[%clk 0:01:33]} 18. Red1
{[%clk 0:29:54]} Bf8 {[%clk 0:01:24]} 19. Be1 {[%clk 0:24:58]} d5
{[%clk 0:01:04]} 20. exd5 {[%clk 0:25:24]} Nfxd5 {[%clk 0:01:06]} 21. Ncxd5 Nxd5
{[%clk 0:00:58]} 22. Qf3 {[%clk 0:10:54]} Nxe3 {[%clk 0:00:37]} 23. Qxc6
{[%clk 0:06:27]} bxc6 {[%clk 0:01:01]} 24. fxe3 {[%clk 0:06:53]} Bg4
{[%clk 0:01:13]} 25. Rd2 {[%clk 0:07:16]} Bc5 {[%clk 0:01:23]} 26. Kf2
{[%clk 0:07:06]} a5 {[%clk 0:00:37]} 27. h3 {[%clk 0:05:39]} Be6 {[%clk 0:00:42]}
28. Be4 {[%clk 0:02:05]} Rc8 {[%clk 0:01:04]} 29. Rdd1 {[%clk 0:01:26]} f5
{[%clk 0:01:27]} 30. Bf3 {[%clk 0:01:23]} f4 {[%clk 0:00:49]} 31. Bd2
{[%clk 0:01:50]} Red8 {[%clk 0:00:45]} 32. b3 {[%clk 0:00:44]} Rxd2+
{[%clk 0:00:50]} 33. Ke1 {[%clk 0:01:07]} Rxd1+ {[%clk 0:02:30]} 34. Rxd1
{[%clk 0:01:28]} fxe3 {[%clk 0:02:22]} 35. Ke2 {[%clk 0:01:39]} g5
{[%clk 0:02:01]} 36. Rd3 {[%clk 0:00:49]} Bf5 {[%clk 0:01:57]} 37. Rc3
{[%clk 0:01:09]} Bd4 {[%clk 0:02:06]} 38. Rc4 {[%clk 0:00:59]} Kg7
{[%clk 0:00:50]} 39. c3 {[%clk 0:00:33]} Be6 {[%clk 0:00:40]} 40. cxd4
{[%clk 0:30:34]} Bxc4+ {[%clk 0:31:02]} 41. bxc4 {[%clk 0:31:01]} exd4
{[%clk 0:31:20]} 42. Kd3 {[%clk 0:30:15]} c5 {[%clk 0:31:38]} 43. Bd1
{[%clk 0:28:22]} Rb8 {[%clk 0:31:42]} 44. Bc2 {[%clk 0:28:08]} Rb2
{[%clk 0:32:00]} 45. g3 {[%clk 0:28:32]} Kf6 {[%clk 0:31:51]} 0-1